000 00353nam a2200145Ia 4500
003 OSt
005 20231218071507.0
008 170524s9999 xx 000 0 und d
020 _a9788126126675
040 _cIIMT UNIVERSITY
100 _aSHAMSHI- N A
245 0 _aMEDIA ORGANIZATION & MANAGEMENT
260 _bANMOL PUB. : NEW DELHI
942 _2ddc
_c02
999 _c9208
_d9208